000 00509nam a2200145Ia 4500
008 140724s9999 xx 000 0 und d
050 _aQA 76.76.W56
_b.B213 2013
100 _aBancaso, Diane Jedirique E.
245 _aReservation system of Le Linds Catering Services /
_cDiane Jedirique E. Bancaso.
260 _aLas PiƱas, Philippines :
_bSouthville International School and Colleges,
_cc2013.
300 _a145 p. :
_bill. ;
_c28 cm.
521 _aInformation Technology
942 _cTH
999 _c229175
_d229175